Clickable TV Catchphrases Quiz Stats

 Plays Quiz Updated Feb 23, 2016

Challenge
Share
Tweet
Embed
Score 0/25 Timer 07:00
11 Plays Today
% Correct
'Yabba dabba doo!'
96%
'You're fired!'
94.9%
'Is that your final answer?'
94.7%
'Come on down!'
90.4%
'Eat my shorts.'
88.3%
'How you doin'?'
87.6%
'Bazinga!'
87%
'Marcia, Marcia, Marcia!'
86.1%
'What'choo talkin' 'bout, Willis?'
84.7%
'Book 'em, Danno.'
84.1%
'Did I do that?'
81.1%
'Heeeere's...Johnny!'
79%
'It's gonna be legen — wait for it — dary.'
78.6%
% Correct
'Good night, John Boy.'
78.1%
'Bam!'
77.5%
'Danger, Will Robinson!'
76.8%
'De plane, de plane!'
76.7%
'I'm listening.'
75%
'Make it so.'
67.8%
'Kiss my grits!'
62.4%
'Just one more thing...'
61.5%
'Who loves ya, baby?'
55.6%
'Baby, you're the greatest.'
55.5%
'God will get you for that.'
49.8%
'Stifle!'
44.8%

You're not logged in!

Compare scores with friends on all Sporcle quizzes.
Join for Free
OR
Log In

You Might Also Like...

Show Comments

Extras

Top Quizzes Today


Score Distribution

Your Account Isn't Verified!

In order to create a playlist on Sporcle, you need to verify the email address you used during registration. Go to your Sporcle Settings to finish the process.

Report this User

Report this user for behavior that violates our Community Guidelines.

Details: